Nottingham Forest most expensive sales - Statistics

General Stats
  • This quiz has been taken 38 times
  • The average score is 6 of 10
Answer Stats
Sold to Season Price (€) Player % Correct
Tottenham Hotspur 23/24 55 million Brennan Johnson
100%
Olympique Lyon 24/25 23.4 million Orel Mangala
80%
Olympique Lyon 24/25 31.9 million Moussa Niakhaté
77%
Aston Villa 20/21 15.75 million Matty Cash
71%
Newcastle United 24/25 23.6 million Odysseas Vlachodimos
66%
West Ham United 15/16 9.5 million Michail Antonio
60%
Liverpool 95/96 13 million Stan Collymore
51%
Middlesbrough 17/18 17.1 million Britt Assombalonga
49%
RB Leipzig 16/17 15.2 million Oliver Burke
49%
UD Almería 19/20 8.85 million Arvin Appiah
23%
No matching quizzes found
Score Distribution
Percent of People with Each Score
Percentile by Number Answered
Your Score History
You have not taken this quiz